<?xml version="1.0" encoding="UTF-8"?>
<record
    xmlns:xsi="http://www.w3.org/2001/XMLSchema-instance"
    xsi:schemaLocation="http://www.loc.gov/MARC21/slim http://www.loc.gov/standards/marcxml/schema/MARC21slim.xsd"
    xmlns="http://www.loc.gov/MARC21/slim">

  <leader>01725nam0a2200409   4500</leader>
  <controlfield tag="001">14071</controlfield>
  <controlfield tag="003">http://www.sudoc.fr/293705917</controlfield>
  <controlfield tag="005">20260410152826.0</controlfield>
  <datafield tag="010" ind1=" " ind2=" ">
    <subfield code="a">9782807104501</subfield>
  </datafield>
  <datafield tag="035" ind1=" " ind2=" ">
    <subfield code="a">(OCoLC)1573019883</subfield>
  </datafield>
  <datafield tag="073" ind1=" " ind2="0">
    <subfield code="a">9782807104501</subfield>
  </datafield>
  <datafield tag="090" ind1=" " ind2=" ">
    <subfield code="a">14071</subfield>
  </datafield>
  <datafield tag="099" ind1=" " ind2=" ">
    <subfield code="o">0</subfield>
  </datafield>
  <datafield tag="100" ind1=" " ind2=" ">
    <subfield code="a">20260213d2025    k  y0frey50      ba</subfield>
  </datafield>
  <datafield tag="101" ind1="0" ind2=" ">
    <subfield code="a">fre</subfield>
  </datafield>
  <datafield tag="102" ind1=" " ind2=" ">
    <subfield code="a">BE</subfield>
  </datafield>
  <datafield tag="105" ind1=" " ind2=" ">
    <subfield code="a">y   ||||100by</subfield>
  </datafield>
  <datafield tag="181" ind1=" " ind2=" ">
    <subfield code="6">z01</subfield>
    <subfield code="c">txt</subfield>
    <subfield code="2">rdacontent</subfield>
  </datafield>
  <datafield tag="181" ind1=" " ind2="1">
    <subfield code="6">z01</subfield>
    <subfield code="a">i#</subfield>
    <subfield code="b">xxxe##</subfield>
  </datafield>
  <datafield tag="182" ind1=" " ind2=" ">
    <subfield code="6">z01</subfield>
    <subfield code="c">n</subfield>
    <subfield code="2">rdamedia</subfield>
  </datafield>
  <datafield tag="182" ind1=" " ind2="1">
    <subfield code="6">z01</subfield>
    <subfield code="a">n</subfield>
  </datafield>
  <datafield tag="183" ind1=" " ind2="1">
    <subfield code="6">z01</subfield>
    <subfield code="a">nga</subfield>
    <subfield code="2">RDAfrCarrier</subfield>
  </datafield>
  <datafield tag="200" ind1="1" ind2=" ">
    <subfield code="a">Cette peau l&#xE0;</subfield>
    <subfield code="b">LIVR</subfield>
  </datafield>
  <datafield tag="214" ind1=" " ind2="0">
    <subfield code="c">Lansman &#xE9;diteur</subfield>
    <subfield code="d">2025</subfield>
  </datafield>
  <datafield tag="214" ind1=" " ind2="0">
    <subfield code="a">Carni&#xE8;res-Morlanwelz (Belgique)</subfield>
  </datafield>
  <datafield tag="215" ind1=" " ind2=" ">
    <subfield code="a">1 volume (42 pages)</subfield>
  </datafield>
  <datafield tag="215" ind1=" " ind2=" ">
    <subfield code="d">21 cm</subfield>
  </datafield>
  <datafield tag="225" ind1="2" ind2=" ">
    <subfield code="a">Th&#xE9;&#xE2;tre &#xE0; vif</subfield>
    <subfield code="v">548</subfield>
  </datafield>
  <datafield tag="323" ind1=" " ind2=" ">
    <subfield code="a">6 personnages</subfield>
  </datafield>
  <datafield tag="330" ind1=" " ind2=" ">
    <subfield code="a">Sur la table d'op&#xE9;ration, tout revient &#xE0; Z&#xE9;lie. L'&#xE9;t&#xE9;, le bruit des vagues, le go&#xFB;t de la mer. L'adolescence aussi, ces jours br&#xFB;lants o&#xF9; elle a choisi son pr&#xE9;nom et d&#xE9;cid&#xE9; de partir de chez ses parents pour entamer sa transition. 
Aujourd'hui, elle recolle les morceaux, d'elle hier et d'elle maintenant, d'elle r&#xE9;elle et d'elle potentielle, d'elle pour les autres et des autres en elle.  Elle navigue parmi les fant&#xF4;mes et, pour ne pas &#xEA;tre engloutie par les flots en furie, elle s'accroche &#xE0; ce qu'elle a de plus clair, de plus certain, de plus palpable : son propre corps. </subfield>
  </datafield>
  <datafield tag="410" ind1=" " ind2=" ">
    <subfield code="0">013851098</subfield>
  </datafield>
  <datafield tag="410" ind1=" " ind2=" ">
    <subfield code="t">Th&#xE9;&#xE2;tre &#xE0; Vif</subfield>
    <subfield code="x">0777-6756</subfield>
    <subfield code="v">548</subfield>
  </datafield>
  <datafield tag="608" ind1=" " ind2=" ">
    <subfield code="3">027814157</subfield>
    <subfield code="a">Th&#xE9;&#xE2;tre (genre litt&#xE9;raire) fran&#xE7;ais</subfield>
    <subfield code="3">050665391</subfield>
    <subfield code="z">XXIe si&#xE8;cle</subfield>
    <subfield code="2">rameau</subfield>
  </datafield>
  <datafield tag="610" ind1=" " ind2=" ">
    <subfield code="a">Transidentit&#xE9;</subfield>
    <subfield code="a">lgbtqia</subfield>
  </datafield>
  <datafield tag="700" ind1=" " ind2="1">
    <subfield code="a">Ferron</subfield>
    <subfield code="b">Pomme</subfield>
    <subfield code="f">1995-....</subfield>
  </datafield>
  <datafield tag="700" ind1=" " ind2="1">
    <subfield code="3">292996608</subfield>
    <subfield code="4">070</subfield>
  </datafield>
  <datafield tag="801" ind1=" " ind2="3">
    <subfield code="a">FR</subfield>
    <subfield code="b">Abes</subfield>
    <subfield code="c">20260213</subfield>
    <subfield code="g">AFNOR</subfield>
  </datafield>
  <datafield tag="995" ind1=" " ind2=" ">
    <subfield code="2">0</subfield>
    <subfield code="5">2026-04-10</subfield>
    <subfield code="9">13962</subfield>
    <subfield code="c">JOL</subfield>
    <subfield code="f">JOL-007768</subfield>
    <subfield code="k">TH FER 6</subfield>
    <subfield code="o">0</subfield>
    <subfield code="b">JOL</subfield>
    <subfield code="r">LIVR</subfield>
  </datafield>
</record>
